Practical physiology /

Hlavní autor: Bartošíková, Lenka, 1968-
Další autoři: Luža, Jiří, Nečas, Jiří, 1954-
Jazyk: Angličtina
Vydáno: Olomouc : Univerzita Palackého v Olomouci, 2009
Vydání: 1. vyd.
Edice: Skripta
Témata:
Fyzický popis: 73 s. : il. ; 29 cm
Knihy
Uloženo v:
LEADER 01657nam a2200445 a 4500
001 nkc20092006789
003 CZ PrNK
005 20091130092736.0
007 ta
008 091027s2009 xr a e p 000 0 eng
015 |a cnb002006789 
020 |a 978-80-244-2286-2  |q (brož.) 
035 |a (OCoLC)481042173 
040 |a ABA001  |b cze 
072 7 |a 612  |x Fyziologie člověka a srovnávací fyziologie  |2 Konspekt  |9 14 
072 7 |a 37.016  |x Učební osnovy. Vyučovací předměty. Učebnice  |2 Konspekt  |9 22 
080 |a 612  |2 MRF 
080 |a (075.8)  |2 MRF 
080 |a (076.5)  |2 MRF 
100 1 |a Bartošíková, Lenka,  |d 1968-  |7 nlk20020124783  |4 aut 
245 1 0 |a Practical physiology /  |c Lenka Bartošíková, Jiří Luža, Jiří Nečas 
250 |a 1. vyd. 
260 |a Olomouc :  |b Univerzita Palackého v Olomouci,  |c 2009 
300 |a 73 s. :  |b il. ;  |c 29 cm 
490 1 |a Skripta 
500 |a Nad názvem: Univerzita Palackého v Olomouci, Lékařská fakulta 
521 8 |a Určeno pro anglicky mluvící studenty Lékařské fakulty UP 
650 0 7 |a lékařská fyziologie  |7 ph122496  |2 czenas 
650 0 9 |a medical physiology  |2 eczenas 
655 7 |a učebnice vysokých škol  |7 fd133772  |2 czenas 
655 9 |a textbooks (higher)  |2 eczenas 
655 9 |a problems, exercises, etc  |2 eczenas 
700 1 |a Luža, Jiří  |7 xx0078691  |4 aut 
700 1 |a Nečas, Jiří,  |d 1954-  |7 nlk19990073608  |4 aut 
810 2 |a Univerzita Palackého.  |t Skripta  |0 s 
910 2 |a BOA001  |b 4-1232.117 
990 |a BK 
995 |a 01 
991 |b 200911  |c NOV 
996 6 |b 2610395447  |c 4-1232.117  |l MZK  |r Sklad / do 1 hodiny  |n 1  |p p.v.  |w 000973650  |u 000010  |a 1  |e BOA001  |j MZK50  |s P